000
00298nam a2200109Ia 4500
008
200302s9999 xx 000 0 und d
100
_a
Author
245
_a
Standard Method of Measurement of Building Works
260
_b
The Royal Institution of Chartered Surveyors
260
_c
1964
300
_a
109 P.,
999
_c
242
_d
242